[Event "2nd Easter 4NCL Congress"]
[Site "Daventry"]
[Date "2022.04.16"]
[Round "2"]
[Board "10"]
[White "Boswell, Jacob Connor"]
[Black "Gordon, Frederick"]
[Result "1/2-1/2"]
[WhiteElo "2206"]
[BlackElo "1829"]
[PlyCount "0"]
[EventDate "2022.04.15"]
[EventRounds "7"]
[EventCountry "ENG"]

1. d4 {[%clk 01:30:57]} {[%emt 00:00:01]} d5 {[%clk 01:30:57]} {[%emt
00:00:05]} 2. c4 {[%clk 01:31:19]} {[%emt 00:00:07]} e6 {[%clk 01:31:22]}
{[%emt 00:00:05]} 3. Nf3 {[%clk 01:31:41]} {[%emt 00:00:08]} Nf6 {[%clk
01:31:46]} {[%emt 00:00:07]} 4. g3 {[%clk 01:32:02]} {[%emt 00:00:08]} a6
{[%clk 01:32:08]} {[%emt 00:00:09]} 5. Bg2 {[%clk 01:28:44]} {[%emt 00:03:47]}
dxc4 {[%clk 01:32:11]} {[%emt 00:00:28]} 6. Ne5 {[%clk 01:25:07]} {[%emt
00:04:07]} Bb4+ {[%clk 01:32:01]} {[%emt 00:00:39]} 7. Nc3 {[%clk 01:24:27]}
{[%emt 00:01:10]} Nd5 {[%clk 01:32:06]} {[%emt 00:00:25]} 8. O-O {[%clk
01:23:38]} {[%emt 00:01:19]} Nxc3 {[%clk 01:27:41]} {[%emt 00:04:56]} 9. bxc3
{[%clk 01:24:00]} {[%emt 00:00:07]} Bxc3 {[%emt 00:01:52]} 10. Rb1 {[%clk
01:24:16]} {[%emt 00:00:09]} O-O {[%clk 01:24:36]} {[%emt 00:02:19]} 11. e3
{[%clk 01:23:54]} {[%emt 00:00:50]} c5 {[%clk 01:13:53]} {[%emt 00:11:15]} 12.
Ba3 {[%clk 01:23:23]} {[%emt 00:01:01]} Bb4 {[%clk 01:12:35]} {[%emt 00:01:48]}
13. Bxb4 {[%clk 01:22:32]} {[%emt 00:01:21]} cxb4 {[%clk 01:12:35]} {[%emt
00:00:30]} 14. Rxb4 {[%clk 01:19:43]} {[%emt 00:03:19]} Ra7 {[%clk 01:10:52]}
{[%emt 00:02:13]} 15. a4 {[%clk 01:11:02]} {[%emt 00:09:10]} b5 {[%clk
01:05:54]} {[%emt 00:05:28]} 16. axb5 {[%clk 00:52:32]} {[%emt 00:19:01]} axb5
{[%clk 01:06:11]} {[%emt 00:00:13]} 17. Rxb5 {[%clk 00:48:28]} {[%emt
00:04:34]} Ba6 {[%clk 01:01:35]} {[%emt 00:05:06]} 18. Rxb8 {[%clk 00:24:41]}
{[%emt 00:24:17]} Qxb8 {[%clk 01:01:48]} {[%emt 00:00:17]} 19. Nc6 {[%clk
00:25:03]} {[%emt 00:00:07]} Qb6 {[%clk 01:00:27]} {[%emt 00:01:51]} 20. Nxa7
{[%clk 00:23:22]} {[%emt 00:02:08]} c3 {[%clk 00:59:34]} {[%emt 00:01:27]} 21.
Re1 {[%clk 00:23:00]} {[%emt 00:00:52]} Qxa7 {[%clk 00:59:35]} {[%emt
00:00:28]} 22. Qa1 {[%clk 00:22:08]} {[%emt 00:01:23]} Rc8 {[%clk 00:57:03]}
{[%emt 00:03:01]} 23. Bf1 {[%clk 00:21:03]} {[%emt 00:01:34]} Rc6 {[%clk
00:53:19]} {[%emt 00:04:15]} 24. Rc1 {[%clk 00:19:38]} {[%emt 00:01:54]} c2
{[%clk 00:50:32]} {[%emt 00:03:18]} 25. Bb5 {[%clk 00:15:25]} {[%emt 00:04:43]}
Rb6 {[%clk 00:49:13]} {[%emt 00:01:50]} 26. Rxc2 {[%clk 00:09:24]} {[%emt
00:06:30]} Qb7 {[%clk 00:47:17]} {[%emt 00:02:26]} 27. Bf1 {[%clk 00:09:25]}
{[%emt 00:00:29]} Bxf1 {[%clk 00:46:12]} {[%emt 00:01:34]} 28. Qxf1 {[%clk
00:09:41]} {[%emt 00:00:14]} Rb1 {[%clk 00:45:36]} {[%emt 00:01:07]} 29. Rc8+
{[%clk 00:09:56]} {[%emt 00:00:14]} Qxc8 {[%clk 00:46:02]} {[%emt 00:00:05]} 30.
Qxb1 {[%clk 00:10:19]} {[%emt 00:00:07]} f5 {[%clk 00:45:26]} {[%emt 00:01:06]}
31. Qb6 {[%clk 00:07:46]} {[%emt 00:03:02]} Kf7 {[%clk 00:44:18]} {[%emt
00:01:39]} 32. h4 {[%clk 00:07:53]} {[%emt 00:00:23]} Qa8 {[%clk 00:43:17]}
{[%emt 00:01:32]} 33. Qc7+ {[%clk 00:07:13]} {[%emt 00:01:08]} Kf6 {[%clk
00:42:57]} {[%emt 00:00:51]} 34. Qe5+ {[%clk 00:06:52]} {[%emt 00:00:50]} Kf7
{[%clk 00:43:09]} {[%emt 00:00:18]} 35. Qf4 {[%clk 00:06:12]} {[%emt 00:01:11]}
h5 {[%clk 00:41:12]} {[%emt 00:02:27]} 36. Kh2 {[%clk 00:05:19]} {[%emt
00:01:23]} Qc6 {[%clk 00:40:26]} {[%emt 00:01:17]} 37. Kg1 {[%clk 00:03:50]}
{[%emt 00:01:58]} Qb7 {[%clk 00:38:50]} {[%emt 00:02:06]} 38. Qd6 {[%clk
00:04:02]} {[%emt 00:00:17]} Qb1+ {[%clk 00:38:50]} {[%emt 00:00:31]} 39. Kh2
{[%clk 00:03:55]} {[%emt 00:00:36]} Qc2 {[%clk 00:38:41]} {[%emt 00:00:40]} 40.
Qf4 {[%clk 00:03:17]} {[%emt 00:01:07]} Qc6 {[%clk 00:39:00]} {[%emt 00:00:12]}
41. Qb8 {[%clk 00:03:34]} {[%emt 00:00:12]} Qd5 {[%clk 00:38:08]} {[%emt
00:01:23]} 42. Kg1 {[%clk 00:03:38]} {[%emt 00:00:26]} Qc6 {[%clk 00:38:19]}
{[%emt 00:00:19]} 43. Qb4 {[%clk 00:02:08]} {[%emt 00:01:59]} Qc1+ {[%clk
00:37:41]} {[%emt 00:01:09]} 44. Kh2 {[%clk 00:02:08]} {[%emt 00:00:29]} Qc6
{[%clk 00:38:01]} {[%emt 00:00:10]} 45. Qb2 {[%clk 00:01:00]} {[%emt 00:01:39]}
Qf3 {[%clk 00:37:41]} {[%emt 00:00:50]} 46. Kg1 {[%clk 00:01:12]} {[%emt
00:00:18]} g5 {[%clk 00:35:25]} {[%emt 00:02:47]} 47. hxg5 {[%clk 00:00:55]}
{[%emt 00:00:46]} h4 {[%clk 00:35:45]} {[%emt 00:00:10]} 48. gxh4 {[%clk
00:00:53]} {[%emt 00:00:32]} Qg4+ {[%clk 00:36:09]} {[%emt 00:00:07]} 49. Kf1
{[%clk 00:00:53]} {[%emt 00:00:28]} Qd1+ {[%clk 00:36:32]} {[%emt 00:00:08]} 50.
Kg2 {[%clk 00:01:18]} {[%emt 00:00:04]} Qg4+ {[%clk 00:36:54]} {[%emt
00:00:09]} 51. Kh2 {[%clk 00:00:55]} {[%emt 00:00:53]} Qxh4+ {[%clk 00:37:16]}
{[%emt 00:00:09]} 52. Kg2 {[%clk 00:01:18]} {[%emt 00:00:05]} Qg4+ {[%clk
00:37:38]} {[%emt 00:00:08]} 53. Kf1 {[%clk 00:01:39]} {[%emt 00:00:10]} Qd1+
{[%clk 00:38:03]} {[%emt 00:00:06]} 54. Kg2 {[%clk 00:02:01]} {[%emt 00:00:07]}
 1/2-1/2

[Event "2nd Easter 4NCL Congress"]
[Site "Daventry"]
[Date "2022.04.16"]
[Round "2"]
[Board "11"]
[White "Gibbon, Eric"]
[Black "Han, Yichen"]
[Result "0-1"]
[WhiteElo "1953"]
[BlackElo "2396"]
[PlyCount "0"]
[EventDate "2022.04.15"]
[EventRounds "7"]
[EventCountry "ENG"]

1. d4 {[%clk 01:30:57]} {[%emt 00:00:02]} Nf6 {[%clk 01:30:57]} {[%emt
00:00:05]} 2. Nc3 {[%clk 01:31:20]} {[%emt 00:00:05]} d5 {[%clk 01:31:19]}
{[%emt 00:00:09]} 3. Bf4 {[%clk 01:31:41]} {[%emt 00:00:08]} e6 {[%clk
01:31:34]} {[%emt 00:00:17]} 4. e3 {[%clk 01:31:35]} {[%emt 00:00:34]} Bb4
{[%clk 01:31:49]} {[%emt 00:00:16]} 5. Bd3 {[%clk 01:29:35]} {[%emt 00:02:30]}
c5 {[%clk 01:30:07]} {[%emt 00:02:13]} 6. Nf3 {[%clk 01:18:38]} {[%emt
00:11:26]} c4 {[%clk 01:28:12]} {[%emt 00:02:25]} 7. Be2 {[%clk 01:12:23]}
{[%emt 00:06:45]} Ne4 {[%clk 01:26:19]} {[%emt 00:02:23]} 8. O-O {[%clk
01:12:49]} {[%emt 00:00:05]} Nxc3 {[%clk 01:25:20]} {[%emt 00:01:29]} 9. bxc3
{[%clk 01:13:13]} {[%emt 00:00:05]} Bxc3 {[%clk 01:25:43]} {[%emt 00:00:08]} 10.
Rb1 {[%clk 01:10:49]} {[%emt 00:02:53]} Nc6 {[%clk 01:25:20]} {[%emt 00:00:53]}
11. Qc1 {[%clk 01:08:16]} {[%emt 00:03:03]} Qe7 {[%clk 01:24:29]} {[%emt
00:01:21]} 12. Kh1 {[%clk 01:02:11]} {[%emt 00:06:35]} O-O {[%clk 01:23:32]}
{[%emt 00:01:27]} 13. Ng1 {[%clk 01:01:59]} {[%emt 00:00:42]} Bb4 {[%clk
01:14:33]} {[%emt 00:09:29]} 14. c3 {[%clk 00:59:07]} {[%emt 00:03:22]} Bd6
{[%clk 01:14:53]} {[%emt 00:00:10]} 15. Bxd6 {[%clk 00:59:17]} {[%emt
00:00:20]} Qxd6 {[%clk 01:15:17]} {[%emt 00:00:06]} 16. f4 {[%clk 00:59:34]}
{[%emt 00:00:12]} a6 {[%clk 01:13:59]} {[%emt 00:01:50]} 17. Rb6 {[%clk
00:56:50]} {[%emt 00:03:13]} Qc7 {[%clk 01:13:43]} {[%emt 00:00:45]} 18. Qb1
{[%clk 00:56:17]} {[%emt 00:01:04]} Na7 {[%clk 01:11:21]} {[%emt 00:02:53]} 19.
Rb2 {[%clk 00:52:41]} {[%emt 00:04:05]} Nb5 {[%clk 01:11:05]} {[%emt 00:00:46]}
20. Qc1 {[%clk 00:40:07]} {[%emt 00:13:04]} Qa5 {[%clk 01:08:38]} {[%emt
00:02:57]} 21. Rc2 {[%clk 00:40:30]} {[%emt 00:00:06]} Nd6 {[%clk 01:08:17]}
{[%emt 00:00:53]} 22. Bf3 {[%clk 00:38:47]} {[%emt 00:02:11]} b5 {[%clk
01:06:54]} {[%emt 00:01:54]} 23. a3 {[%clk 00:37:12]} {[%emt 00:02:06]} Bd7
{[%clk 01:06:42]} {[%emt 00:00:41]} 24. g4 {[%clk 00:31:29]} {[%emt 00:06:13]}
Qc7 {[%clk 01:05:13]} {[%emt 00:01:59]} 25. Qe1 {[%clk 00:29:52]} {[%emt
00:02:06]} a5 {[%clk 01:03:09]} {[%emt 00:02:36]} 26. Qh4 {[%clk 00:29:56]}
{[%emt 00:00:25]} Qd8 {[%clk 01:01:52]} {[%emt 00:01:47]} 27. Qxd8 {[%clk
00:25:41]} {[%emt 00:04:46]} Raxd8 {[%clk 01:01:35]} {[%emt 00:00:46]} 28. Rb1
{[%clk 00:25:03]} {[%emt 00:01:08]} Bc6 {[%clk 00:59:59]} {[%emt 00:02:07]} 29.
Ne2 {[%clk 00:24:16]} {[%emt 00:01:16]} f6 {[%clk 00:58:39]} {[%emt 00:01:51]}
30. Kg2 {[%clk 00:22:44]} {[%emt 00:02:01]} Rb8 {[%clk 00:57:10]} {[%emt
00:01:59]} 31. Rcb2 {[%clk 00:21:21]} {[%emt 00:01:52]} Rb6 {[%clk 00:56:06]}
{[%emt 00:01:34]} 32. Nc1 {[%clk 00:20:22]} {[%emt 00:01:29]} Rfb8 {[%clk
00:55:14]} {[%emt 00:01:22]} 33. Na2 {[%clk 00:20:45]} {[%emt 00:00:08]} Kf8
{[%clk 00:53:41]} {[%emt 00:02:03]} 34. h4 {[%clk 00:19:46]} {[%emt 00:01:29]}
Be8 {[%clk 00:49:08]} {[%emt 00:05:04]} 35. h5 {[%clk 00:15:39]} {[%emt
00:04:36]} g6 {[%clk 00:49:06]} {[%emt 00:00:32]} 36. Kf2 {[%clk 00:13:46]}
{[%emt 00:02:23]} gxh5 {[%clk 00:47:23]} {[%emt 00:02:14]} 37. gxh5 {[%clk
00:14:14]} {[%emt 00:00:01]} R6b7 {[%clk 00:46:55]} {[%emt 00:00:59]} 38. Rh1
{[%clk 00:08:09]} {[%emt 00:06:34]} Re7 {[%clk 00:43:50]} {[%emt 00:03:35]} 39.
Re2 {[%clk 00:07:39]} {[%emt 00:00:59]} Rbb7 {[%clk 00:42:05]} {[%emt
00:02:16]} 40. Rb2 {[%clk 00:05:13]} {[%emt 00:02:56]} h6 {[%clk 00:41:55]}
{[%emt 00:00:40]} 41. Rd2 {[%clk 00:05:15]} {[%emt 00:00:28]} Rg7 {[%clk
00:41:30]} {[%emt 00:00:55]} 42. Re2 {[%clk 00:05:03]} {[%emt 00:00:41]} Rg8
{[%clk 00:40:59]} {[%emt 00:01:02]} 43. Rg1 {[%clk 00:04:38]} {[%emt 00:00:56]}
Rbg7 {[%clk 00:40:59]} {[%emt 00:00:29]} 44. Rxg7 {[%clk 00:05:02]} {[%emt
00:00:06]} Rxg7 {[%clk 00:41:21]} {[%emt 00:00:08]} 45. Re1 {[%clk 00:04:46]}
{[%emt 00:00:47]} Bxh5 {[%clk 00:38:01]} {[%emt 00:03:49]} 46. Bxh5 {[%clk
00:03:43]} {[%emt 00:01:33]} Ne4+ {[%clk 00:38:26]} {[%emt 00:00:05]} 47. Kf1
{[%clk 00:03:48]} {[%emt 00:00:25]} Ng3+ {[%clk 00:38:51]} {[%emt 00:00:06]} 48.
Kf2 {[%clk 00:04:14]} {[%emt 00:00:03]} Nxh5 {[%clk 00:39:13]} {[%emt
00:00:07]} 49. Rh1 {[%clk 00:04:41]} {[%emt 00:00:03]} Ng3 {[%clk 00:39:36]}
{[%emt 00:00:07]} 50. Rxh6 {[%clk 00:04:58]} {[%emt 00:00:14]} Ne4+ {[%clk
00:39:46]} {[%emt 00:00:20]} 51. Kf1 {[%clk 00:05:05]} {[%emt 00:00:22]} Rg3
{[%clk 00:39:32]} {[%emt 00:00:44]} 52. Rh8+ {[%clk 00:03:31]} {[%emt
00:02:05]} Ke7 {[%clk 00:39:45]} {[%emt 00:00:17]} 53. Rb8 {[%clk 00:03:52]}
{[%emt 00:00:09]} Rf3+ {[%clk 00:39:33]} {[%emt 00:00:41]} 54. Kg1 {[%clk
00:04:07]} {[%emt 00:00:16]} Rxe3 {[%clk 00:39:52]} {[%emt 00:00:11]} 55. Rb7+
{[%clk 00:03:57]} {[%emt 00:00:40]} Kd8 {[%clk 00:39:55]} {[%emt 00:00:27]}  0-1

[Event "2nd Easter 4NCL Congress"]
[Site "Daventry"]
[Date "2022.04.16"]
[Round "2"]
[Board "12"]
[White "Burrows, Martin P"]
[Black "Horspool, Philip J"]
[Result "1/2-1/2"]
[WhiteElo "2214"]
[BlackElo "2079"]
[PlyCount "0"]
[EventDate "2022.04.15"]
[EventRounds "7"]
[EventCountry "ENG"]

1. c4 {[%clk 01:30:56]} {[%emt 00:00:03]} Nf6 {[%clk 01:30:56]} {[%emt
00:00:05]} 2. Nc3 {[%clk 01:31:17]} {[%emt 00:00:09]} e6 {[%clk 01:31:21]}
{[%emt 00:00:04]} 3. e4 {[%clk 01:31:28]} {[%emt 00:00:19]} c5 {[%clk
01:31:42]} {[%emt 00:00:09]} 4. e5 {[%clk 01:31:08]} {[%emt 00:00:50]} Ng8
{[%clk 01:32:04]} {[%emt 00:00:09]} 5. Nf3 {[%clk 01:31:15]} {[%emt 00:00:23]}
Nc6 {[%clk 01:32:27]} {[%emt 00:00:07]} 6. d4 {[%clk 01:31:27]} {[%emt
00:00:18]} cxd4 {[%clk 01:32:53]} {[%emt 00:00:04]} 7. Nxd4 {[%clk 01:31:47]}
{[%emt 00:00:10]} Nxe5 {[%clk 01:33:14]} {[%emt 00:00:09]} 8. Ndb5 {[%clk
01:31:25]} {[%emt 00:00:51]} a6 {[%clk 01:33:18]} {[%emt 00:00:26]} 9. Nd6+
{[%clk 01:31:40]} {[%emt 00:00:15]} Bxd6 {[%clk 01:33:44]} {[%emt 00:00:05]} 10.
Qxd6 {[%clk 01:32:03]} {[%emt 00:00:06]} f6 {[%clk 01:33:18]} {[%emt 00:00:57]}
11. Be3 {[%clk 01:31:59]} {[%emt 00:00:34]} Ne7 {[%clk 01:31:04]} {[%emt
00:02:44]} 12. Bb6 {[%clk 01:32:02]} {[%emt 00:00:27]} Nf5 {[%clk 01:31:19]}
{[%emt 00:00:15]} 13. Qc5 {[%clk 01:28:08]} {[%emt 00:04:23]} d6 {[%clk
01:29:06]} {[%emt 00:02:42]} 14. Qa5 {[%clk 01:27:22]} {[%emt 00:01:17]} Qe7
{[%clk 01:27:10]} {[%emt 00:02:26]} 15. O-O-O {[%clk 01:19:32]} {[%emt
00:08:20]} O-O {[%clk 01:26:30]} {[%emt 00:01:10]} 16. f4 {[%clk 01:13:33]}
{[%emt 00:06:29]} Nd7 {[%clk 01:15:45]} {[%emt 00:11:16]} 17. g4 {[%clk
01:03:24]} {[%emt 00:10:39]} Nh6 {[%clk 00:57:59]} {[%emt 00:18:15]} 18. Bh3
{[%clk 00:54:56]} {[%emt 00:08:59]} Nxb6 {[%clk 00:52:50]} {[%emt 00:05:39]} 19.
Qxb6 {[%clk 00:55:16]} {[%emt 00:00:10]} Nf7 {[%clk 00:48:15]} {[%emt
00:05:05]} 20. Rhe1 {[%clk 00:55:05]} {[%emt 00:00:41]} Qd8 {[%clk 00:38:37]}
{[%emt 00:10:08]} 21. Qe3 {[%clk 00:54:47]} {[%emt 00:00:48]} Qc7 {[%clk
00:37:53]} {[%emt 00:01:14]} 22. g5 {[%clk 00:51:07]} {[%emt 00:04:11]} f5
{[%clk 00:32:59]} {[%emt 00:05:24]} 23. Rg1 {[%clk 00:47:57]} {[%emt 00:03:39]}
g6 {[%clk 00:30:43]} {[%emt 00:02:47]} 24. Kb1 {[%clk 00:40:04]} {[%emt
00:08:22]} Qxc4 {[%clk 00:25:08]} {[%emt 00:06:05]} 25. Bg2 {[%clk 00:37:55]}
{[%emt 00:02:39]} Bd7 {[%clk 00:20:44]} {[%emt 00:04:55]} 26. h4 {[%clk
00:34:25]} {[%emt 00:03:59]} Rfe8 {[%clk 00:12:37]} {[%emt 00:08:38]} 27. h5
{[%clk 00:34:14]} {[%emt 00:00:41]} Bc6 {[%clk 00:12:33]} {[%emt 00:00:33]} 28.
Bxc6 {[%clk 00:33:33]} {[%emt 00:01:11]} bxc6 {[%clk 00:08:42]} {[%emt
00:04:22]} 29. Rh1 {[%clk 00:33:28]} {[%emt 00:00:34]} e5 {[%clk 00:07:27]}
{[%emt 00:01:45]} 30. hxg6 {[%clk 00:31:55]} {[%emt 00:02:03]} hxg6 {[%clk
00:07:49]} {[%emt 00:00:09]} 31. Qh3 {[%clk 00:32:12]} {[%emt 00:00:12]} Qe6
{[%clk 00:03:15]} {[%emt 00:05:04]} 32. fxe5 {[%clk 00:27:41]} {[%emt
00:05:01]} d5 {[%clk 00:01:12]} {[%emt 00:02:34]} 33. Rd2 {[%clk 00:13:58]}
{[%emt 00:14:13]} Kf8 {[%clk 00:00:37]} {[%emt 00:01:05]} 34. Qh4 {[%clk
00:13:02]} {[%emt 00:01:25]}  1/2-1/2

[Event "2nd Easter 4NCL Congress"]
[Site "Daventry"]
[Date "2022.04.16"]
[Round "2"]
[Board "13"]
[White "Sullivan, Daniel Js"]
[Black "Thompson, Ian D"]
[Result "1/2-1/2"]
[WhiteElo "2061"]
[BlackElo "2213"]
[PlyCount "0"]
[EventDate "2022.04.15"]
[EventRounds "7"]
[EventCountry "ENG"]

1. d4 {[%clk 01:30:57]} {[%emt 00:00:02]} d5 {[%clk 01:30:55]} {[%emt
00:00:06]} 2. c4 {[%clk 01:31:18]} {[%emt 00:00:08]} c6 {[%clk 01:31:19]}
{[%emt 00:00:07]} 3. Nf3 {[%clk 01:31:42]} {[%emt 00:00:06]} Nf6 {[%clk
01:31:39]} {[%emt 00:00:09]} 4. Nc3 {[%clk 01:32:05]} {[%emt 00:00:07]} e6
{[%clk 01:32:00]} {[%emt 00:00:10]} 5. Bg5 {[%clk 01:32:09]} {[%emt 00:00:25]}
h6 {[%clk 01:32:16]} {[%emt 00:00:14]} 6. Bxf6 {[%clk 01:31:44]} {[%emt
00:00:55]} Qxf6 {[%clk 01:32:39]} {[%emt 00:00:08]} 7. e3 {[%clk 01:31:24]}
{[%emt 00:00:49]} Nd7 {[%clk 01:32:36]} {[%emt 00:00:34]} 8. Bd3 {[%clk
01:30:37]} {[%emt 00:01:16]} dxc4 {[%clk 01:31:58]} {[%emt 00:01:09]} 9. Bxc4
{[%clk 01:30:58]} {[%emt 00:00:09]} g6 {[%clk 01:31:59]} {[%emt 00:00:28]} 10.
O-O {[%clk 01:30:58]} {[%emt 00:00:28]} Bg7 {[%clk 01:31:43]} {[%emt 00:00:49]}
11. e4 {[%clk 01:28:19]} {[%emt 00:03:09]} e5 {[%clk 01:29:45]} {[%emt
00:02:28]} 12. d5 {[%clk 01:25:10]} {[%emt 00:03:38]} O-O {[%clk 01:27:37]}
{[%emt 00:02:38]} 13. dxc6 {[%clk 01:17:54]} {[%emt 00:07:47]} bxc6 {[%clk
01:24:31]} {[%emt 00:03:36]} 14. Rc1 {[%clk 01:14:30]} {[%emt 00:03:54]} Nb6
{[%clk 01:19:38]} {[%emt 00:05:23]} 15. Bb3 {[%clk 01:13:03]} {[%emt 00:01:57]}
Ba6 {[%clk 01:17:59]} {[%emt 00:02:09]} 16. Ne2 {[%clk 01:09:06]} {[%emt
00:04:26]} Rfd8 {[%clk 01:16:19]} {[%emt 00:02:11]} 17. Qe1 {[%clk 01:00:55]}
{[%emt 00:08:41]} Rd3 {[%clk 01:03:16]} {[%emt 00:13:34]} 18. Nd2 {[%clk
00:48:56]} {[%emt 00:12:27]} Rad8 {[%clk 00:56:38]} {[%emt 00:07:09]} 19. Nc4
{[%clk 00:45:10]} {[%emt 00:04:17]} Nxc4 {[%clk 00:53:11]} {[%emt 00:03:57]} 20.
Bxc4 {[%clk 00:45:30]} {[%emt 00:00:08]} Bxc4 {[%clk 00:53:30]} {[%emt
00:00:13]} 21. Rxc4 {[%clk 00:45:54]} {[%emt 00:00:06]} Rd2 {[%clk 00:53:42]}
{[%emt 00:00:18]} 22. Ng3 {[%clk 00:43:15]} {[%emt 00:03:08]} Rxb2 {[%clk
00:51:47]} {[%emt 00:02:25]} 23. Qc1 {[%clk 00:42:13]} {[%emt 00:01:32]} Rxa2
{[%clk 00:49:05]} {[%emt 00:03:13]} 24. Rxc6 {[%clk 00:42:00]} {[%emt
00:00:43]} Qe7 {[%clk 00:47:39]} {[%emt 00:01:56]} 25. Rd1 {[%clk 00:37:51]}
{[%emt 00:04:38]} Rxd1+ {[%clk 00:41:41]} {[%emt 00:06:29]} 26. Qxd1 {[%clk
00:38:07]} {[%emt 00:00:13]} Rb2 {[%clk 00:37:53]} {[%emt 00:04:19]} 27. h3
{[%clk 00:34:18]} {[%emt 00:04:19]} Kh7 {[%clk 00:35:43]} {[%emt 00:02:40]} 28.
Rc8 {[%clk 00:28:30]} {[%emt 00:06:18]} Qf6 {[%clk 00:31:15]} {[%emt 00:04:57]}
29. Rc2 {[%clk 00:27:17]} {[%emt 00:01:43]} Rxc2 {[%clk 00:30:10]} {[%emt
00:01:35]} 30. Qxc2 {[%clk 00:27:41]} {[%emt 00:00:06]} Bf8 {[%clk 00:28:32]}
{[%emt 00:02:08]} 31. Nf1 {[%clk 00:24:09]} {[%emt 00:04:02]} a5 {[%clk
00:26:12]} {[%emt 00:02:51]} 32. Ne3 {[%clk 00:22:54]} {[%emt 00:01:44]} Qa6
{[%clk 00:23:39]} {[%emt 00:03:03]} 33. Qc7 {[%clk 00:20:37]} {[%emt 00:02:47]}
Kg8 {[%clk 00:16:17]} {[%emt 00:07:52]} 34. Qxe5 {[%clk 00:17:49]} {[%emt
00:03:19]} Bd6 {[%clk 00:14:27]} {[%emt 00:02:19]} 35. Qd4 {[%clk 00:15:40]}
{[%emt 00:02:41]} Qc6 {[%clk 00:13:18]} {[%emt 00:01:39]} 36. g3 {[%clk
00:13:55]} {[%emt 00:02:14]} Qc5 {[%clk 00:10:41]} {[%emt 00:03:07]} 37. Qf6
{[%clk 00:13:13]} {[%emt 00:01:11]} Be7 {[%clk 00:07:47]} {[%emt 00:03:24]} 38.
Qa6 {[%clk 00:12:58]} {[%emt 00:00:45]} Kg7 {[%clk 00:06:48]} {[%emt 00:01:29]}
39. Nc4 {[%clk 00:12:06]} {[%emt 00:01:22]} Qd4 {[%clk 00:05:39]} {[%emt
00:01:40]} 40. e5 {[%clk 00:09:31]} {[%emt 00:03:06]} Qd1+ {[%clk 00:05:09]}
{[%emt 00:01:00]} 41. Kg2 {[%clk 00:09:30]} {[%emt 00:00:30]} Qd5+ {[%clk
00:04:07]} {[%emt 00:01:33]} 42. Kg1 {[%clk 00:09:54]} {[%emt 00:00:05]} Qd1+
{[%clk 00:04:09]} {[%emt 00:00:29]} 43. Kg2 {[%clk 00:10:19]} {[%emt 00:00:04]}
Qd5+ {[%clk 00:04:29]} {[%emt 00:00:10]}  1/2-1/2